[Event "Alba Iulia Romania 100 op"]
[Site "Alba Iulia"]
[Date "2018.11.12"]
[Round "1"]
[White "Svetushkin, Dmitry"]
[Black "Pop, Laurentius Onyx"]
[Result "1-0"]
[WhiteElo "2605"]
[BlackElo "1874"]
[PlyCount "51"]
[EventDate "2018.11.12"]
[EventType "swiss"]
[EventRounds "9"]
[EventCountry "ROU"]
[SourceTitle "CBM 187 Extra"]
[Source "ChessBase"]
[SourceDate "2018.11.04"]
[SourceVersion "1"]
[SourceVersionDate "2018.11.04"]
[SourceQuality "1"]

1. d4 d5 2. c4 e6 3. Nc3 Nf6 4. cxd5 Nxd5 5. e4 Nxc3 6. bxc3 c5 7. a3 g6 8. Nf3 Bg7 9. h4 Qa5 10. Bd2 Bd7 11. a4 Nc6 12. h5 Qc7 13. Rc1 Na5 14. Bd3 Rc8 15. 0-0 0-0 16. e5 Rfe8 17. Ng5 c4 18. Bc2 Bc6 19. Rb1 Rcd8 20. Bf4 Bd5 21. Qg4 Qe7 22. Rfe1 Qf8 23. Nxh7 Qe7 24. hxg6 f5 25. exf6 Bxf6 26. Nxf6+ 1-0

[Event "Passau op 6th"]
[Site "Passau"]
[Date "1998.04.12"]
[Round "6"]
[White "Pop, Laurentius Onyx"]
[Black "Loderbauer, Gerhard"]
[Result "1-0"]
[WhiteElo "1650"]
[BlackElo "1825"]
[PlyCount "117"]
[EventDate "1998.04.10"]
[EventType "swiss"]
[EventRounds "7"]
[EventCountry "GER"]
[SourceTitle "EXT 1999"]
[Source "ChessBase"]
[SourceDate "1998.11.16"]
[SourceVersion "1"]
[SourceVersionDate "1998.11.16"]
[SourceQuality "1"]

1. c4 Nf6 2. Nc3 g6 3. Nf3 Bg7 4. g3 0-0 5. Bg2 c5 6. 0-0 Nc6 7. d4 d6 8. d5 Na5 9. Qd3 a6 10. e4 Rb8 11. Bf4 b5 12. b3 bxc4 13. bxc4 Bd7 14. Rab1 Qc7 15. h3 Rxb1 16. Rxb1 Rb8 17. Rxb8+ Qxb8 18. Bd2 e5 19. dxe6 Bxe6 20. Nd5 Nc6 21. Bf4 Bxd5 22. cxd5 Nb4 23. Qb3 Nxe4 24. a3 Nc3 25. Bd2 Nc6 26. Qc4 Qb1+ 27. Kh2 Nb8 28. Bxc3 Qc2 29. Qh4 Bxc3 30. Qd8+ Kg7 31. Qxb8 Qxf2 32. Qxd6 c4 33. Qxa6 Qc5 34. Qc6 Qxa3 35. Qxc4 Bf6 36. Qc7 Be7 37. Qe5+ Bf6 38. Qe8 h6 39. Ne5 Qe7 40. Qxe7 Bxe7 41. Nc4 Kf6 42. d6 Bd8 43. Bd5 h5 44. Kg2 g5 45. Kf3 Kg6 46. Ke4 f6 47. Be6 Kg7 48. Kf5 h4 49. gxh4 gxh4 50. Kg4 Kg6 51. Bf5+ Kh6 52. Kxh4 Kg7 53. Kh5 Kf8 54. Kg6 Kg8 55. Ne3 Kh8 56. h4 Kg8 57. h5 Kh8 58. Nd5 Ba5 59. d7 1-0

[Event "Passau op 6th"]
[Site "Passau"]
[Date "1998.04.11"]
[Round "3"]
[White "Zoeller, Thomas"]
[Black "Pop, Laurentius Onyx"]
[Result "1-0"]
[WhiteElo "1875"]
[BlackElo "1650"]
[PlyCount "41"]
[EventDate "1998.04.10"]
[EventType "swiss"]
[EventRounds "7"]
[EventCountry "GER"]
[SourceTitle "EXT 1999"]
[Source "ChessBase"]
[SourceDate "1998.11.16"]
[SourceVersion "1"]
[SourceVersionDate "1998.11.16"]
[SourceQuality "1"]

1. e4 e6 2. d4 d5 3. Nd2 Nf6 4. e5 Nfd7 5. Bd3 c5 6. c3 Nc6 7. Ne2 a6 8. Nf3 b5 9. 0-0 b4 10. Nf4 a5 11. Re1 bxc3 12. bxc3 cxd4 13. cxd4 Ba6 14. Ng5 Bxd3 15. Qxd3 Qb6 16. Nxd5 exd5 17. e6 fxe6 18. Nxe6 Kf7 19. Ng5+ Kg8 20. Qf5 Nd8 21. Qxd5+ 1-0

[Event "Pyramiden Franken Cup 1st"]
[Site "Fuerth"]
[Date "1998.??.??"]
[Round "2"]
[White "Birkmann, Guenther"]
[Black "Pop, Laurentius Onyx"]
[Result "1-0"]
[WhiteElo "1985"]
[BlackElo "1780"]
[PlyCount "135"]
[EventDate "1998.08.??"]
[EventType "swiss"]
[EventRounds "9"]
[EventCountry "GER"]
[SourceTitle "EXT 2001"]
[Source "ChessBase"]
[SourceDate "2000.11.22"]
[SourceVersion "1"]
[SourceVersionDate "2000.11.22"]
[SourceQuality "1"]

1. d4 Nf6 2. Nf3 g6 3. Bf4 Bg7 4. h3 0-0 5. e3 d6 6. Be2 c6 7. 0-0 Nbd7 8. c4 Qc7 9. c5 Ne4 10. cxd6 Nxd6 11. Nc3 Qa5 12. Rc1 Rd8 13. a3 Nf6 14. Nd2 Nd5 15. Nxd5 Qxd5 16. Bf3 Qb5 17. b4 Be6 18. Be2 Qb6 19. Nb3 Bxb3 20. Qxb3 e6 21. Rb1 a6 22. Rfc1 Bf6 23. Rc5 Rab8 24. Qd3 Ra8 25. a4 Be7 26. Rc2 Rd7 27. Qd1 Qd8 28. Bd3 Ne8 29. Qf3 Bd6 30. Bf1 Bxf4 31. Qxf4 Nd6 32. h4 Kg7 33. h5 Nf5 34. g4 Nh6 35. Be2 Qb8 36. Qe4 Qd6 37. Rc5 Qe7 38. Kg2 Rd5 39. Rh1 Ng8 40. hxg6 hxg6 41. Qf4 Qd6 42. Rh7+ Kxh7 43. Qxf7+ Kh8 44. Rc1 Rf8 45. Qxg6 Nf6 46. Rh1+ Nh5 47. Rxh5+ Rxh5 48. Qxh5+ Kg7 49. Qg5+ Kf7 50. Bd3 Rg8 51. Qh5+ Kf8 52. Qh6+ Ke8 53. Bf5 Kf7 54. g5 Qd5+ 55. e4 Qxd4 56. Bxe6+ Ke8 57. Bxg8 Qxe4+ 58. Kg3 Qe5+ 59. f4 Qe1+ 60. Kg4 Qg1+ 61. Kh5 Qh2+ 62. Kg6 Qxf4 63. Kh7 Qc7+ 64. Qg7 Qh2+ 65. Qh6 Qc7+ 66. Kh8 Qe5+ 67. Qg7 Qh2+ 68. Bh7 1-0

[Event "Pyramiden Franken Cup 1st"]
[Site "Fuerth"]
[Date "1998.??.??"]
[Round "4"]
[White "Junker, Rene"]
[Black "Pop, Laurentius Onyx"]
[Result "1/2-1/2"]
[WhiteElo "2080"]
[BlackElo "1780"]
[PlyCount "52"]
[EventDate "1998.08.??"]
[EventType "swiss"]
[EventRounds "9"]
[EventCountry "GER"]
[SourceTitle "EXT 2001"]
[Source "ChessBase"]
[SourceDate "2000.11.22"]
[SourceVersion "1"]
[SourceVersionDate "2000.11.22"]
[SourceQuality "1"]

1. e4 e6 2. d4 d5 3. Nc3 Nf6 4. Bg5 Be7 5. e5 Nfd7 6. Bxe7 Qxe7 7. Nb5 Qd8 8. f4 0-0 9. Nf3 a6 10. Na3 b5 11. c3 c5 12. Bd3 f5 13. exf6 Nxf6 14. 0-0 Nbd7 15. Ng5 Qb6 16. Qe1 Re8 17. Qh4 Nf8 18. Nc2 c4 19. Bxh7+ N6xh7 20. Rf3 e5 21. fxe5 Nxg5 22. Qxg5 Qh6 23. Qxh6 gxh6 24. Ne3 Be6 25. g4 Kh7 26. Raf1 Nd7 1/2-1/2

[Event "Pyramiden Franken Cup 1st"]
[Site "Fuerth"]
[Date "1998.??.??"]
[Round "5"]
[White "Pop, Laurentius Onyx"]
[Black "Pauli, Alexander"]
[Result "1/2-1/2"]
[WhiteElo "1780"]
[BlackElo "2090"]
[PlyCount "31"]
[EventDate "1998.08.??"]
[EventType "swiss"]
[EventRounds "9"]
[EventCountry "GER"]
[SourceTitle "EXT 2001"]
[Source "ChessBase"]
[SourceDate "2000.11.22"]
[SourceVersion "1"]
[SourceVersionDate "2000.11.22"]
[SourceQuality "1"]

1. e4 c5 2. c3 e6 3. d4 d5 4. e5 Qb6 5. Nf3 Bd7 6. Be2 Bb5 7. c4 dxc4 8. d5 Nd7 9. dxe6 Qxe6 10. 0-0 Be7 11. Nc3 a6 12. b3 Bc6 13. Bxc4 Qg4 14. Bxf7+ Kf8 15. Bd5 Rd8 16. Bxc6 1/2-1/2

[Event "Pyramiden Franken Cup 1st"]
[Site "Fuerth"]
[Date "1998.??.??"]
[Round "8"]
[White "Pop, Laurentius Onyx"]
[Black "Seyl, Frank"]
[Result "0-1"]
[WhiteElo "1780"]
[BlackElo "2030"]
[PlyCount "52"]
[EventDate "1998.08.??"]
[EventType "swiss"]
[EventRounds "9"]
[EventCountry "GER"]
[SourceTitle "EXT 2001"]
[Source "ChessBase"]
[SourceDate "2000.11.22"]
[SourceVersion "1"]
[SourceVersionDate "2000.11.22"]
[SourceQuality "1"]

1. e4 e6 2. d4 d5 3. e5 c5 4. c3 Qb6 5. Nf3 Bd7 6. Be2 Bb5 7. c4 Bxc4 8. Bxc4 dxc4 9. d5 exd5 10. Qxd5 Ne7 11. Qxc4 Nbc6 12. 0-0 0-0-0 13. Qxf7 Ng6 14. Qe6+ Kb8 15. Qf5 Be7 16. Nc3 Nd4 17. Qe4 Rhf8 18. Be3 Qe6 19. Nxd4 cxd4 20. Bxd4 Rf4 21. Qe3 Rfxd4 22. Nb5 Ra4 23. Rac1 Qxe5 24. Qb3 Rb4 25. Qc2 Rxb5 26. Rfe1 Rc5 0-1